[Event "AUTO-ADV-2859"]
[Site "http://www.queenalice.com/game.php?id=1234001"]
[Date "2013.11.21"]
[Round "2"]
[White "jcdu32"]
[Black "junipero"]
[Result "0-1"]
[WhiteElo "1849"]
[BlackElo "2103"]

1. g4 d5 2. e3 c5 3. h3 Nc6 4. Bg2 e6 5. d3 h6 6. Nc3 Nf6 7. Qe2 Be7 8. Bd2 O-O
9. O-O-O a6 10. Nb1 b5 11. Nf3 Bb7 12. Rhg1 c4 13. dxc4 bxc4 14. Bc3 Bb4 15. Nd4
Bxc3 16. Nxc3 Nxd4 17. Rxd4 a5 18. f4 a4 19. a3 Qb6 20. Nd1 Ba6 21. c3 Rfd8 22.
Nf2 Rab8 23. Rgd1 Qb3 24. Qc2 Qa2 25. b4 axb3 26. Qb2 Rd6 27. R1d2 Qxb2+ 28.
Kxb2 Bb7 29. Rd1 Ra6 30. Ra1 Bc6 31. Bf3 Rba8 32. h4 Ne8 33. e4 Nc7 34. exd5
Bxd5 35. Be2 Ra4 36. Nd1 Nb5 37. Rd2 Rxa3 38. Rxa3 Rxa3 39. Kb1 Be4+ 40. Kb2
Ra2+ 41. Kc1 Ra1+ 42. Kb2 Rb1# 0-1

[Event "AUTO-ADV-2859"]
[Site "http://www.queenalice.com/game.php?id=1234002"]
[Date "2013.11.21"]
[Round "2"]
[White "junipero"]
[Black "jcdu32"]
[Result "1-0"]
[WhiteElo "2098"]
[BlackElo "1855"]

1. d4 d6 2. c4 g6 3. Nc3 Nf6 4. e3 Bg7 5. Nf3 O-O 6. g3 c6 7. Bg2 Nbd7 8. O-O e5
9. b3 b6 10. dxe5 dxe5 11. Bb2 Nc5 12. Nxe5 Bb7 13. Nxc6 Bxc6 14. Bxc6 Rc8 15.
Bg2 Re8 16. Nb5 Nd3 17. Bd4 Nc5 18. Nxa7 Rc7 19. Nb5 Rd7 20. Bc6 Rxd4 21. exd4
Re7 22. dxc5 Qxd1 23. Raxd1 bxc5 24. Rd8+ Bf8 25. Rfd1 Kg7 26. Nc3 Re6 27. Bd5
Re5 28. f4 Re3 29. Na4 Re2 30. Nc3 Rc2 31. Rd3 Ng4 32. Rd7 Rc1+ 33. Kg2 Rc2+ 34.
Kf1 Kh6 35. Rxf7 Bg7 36. Ne4 Bd4 37. Ng5 Nf6 38. Rxd4 cxd4 39. Rxf6 Rxa2 40. Rf7
1-0

[Event "AUTO-ADV-2859"]
[Site "http://www.queenalice.com/game.php?id=1234005"]
[Date "2013.11.21"]
[Round "2"]
[White "jcdu32"]
[Black "guy92"]
[Result "1-0"]
[WhiteElo "1835"]
[BlackElo "1934"]

1. g4 d5 2. e3 e5 3. Bg2 Be6 4. d3 Nc6 5. Nc3 Bb4 6. h3 d4 7. a3 Bxc3+ 8. bxc3
dxc3 9. Rb1 Qc8 10. Ne2 Nge7 11. Nxc3 O-O 12. e4 Ng6 13. Rg1 b6 14. Nd5 Nce7 15.
Ne3 Rd8 16. Nf5 c5 17. h4 Nf4 18. Nxe7+ Kf8 19. Nxc8 Raxc8 20. Bxf4 exf4 21. f3
Rd7 22. Bf1 Rcd8 23. Qc1 Re7 24. Qxf4 Rc8 25. g5 Kg8 26. h5 Rd8 27. h6 Bc8 28.
hxg7 Rde8 29. Qh4 Bf5 30. Kf2 Bd7 31. Rh1 1-0

[Event "AUTO-ADV-2859"]
[Site "http://www.queenalice.com/game.php?id=1234006"]
[Date "2013.11.21"]
[Round "2"]
[White "guy92"]
[Black "jcdu32"]
[Result "1/2-1/2"]
[WhiteElo "1922"]
[BlackElo "1843"]

1. d4 d6 2. Nf3 g6 3. c4 Bg7 4. Nc3 c6 5. e4 Nf6 6. Bd3 O-O 7. O-O Nbd7 8. e5
dxe5 9. dxe5 Ne8 10. Bf4 Nc7 11. Re1 Nc5 12. Bc2 N5e6 13. Be3 b5 14. cxb5 cxb5
15. Qe2 Ba6 16. Bd3 Qb8 17. a3 Rd8 18. Na2 Nd5 19. Be4 Bb7 20. Qxb5 Nxe3 21.
Rxe3 Bxe4 22. Qxb8 Raxb8 23. Rxe4 Rxb2 24. Nc3 Rc2 25. Nd1 Rdc8 26. Re1 Nf4 27.
Kf1 Nd3 28. Re2 Rc1 29. Rea2 Rxa1 30. Rxa1 Nxe5 31. Nxe5 Bxe5 32. Rb1 Rc7 33.
Ne3 Bd4 34. Nd1 Rc6 35. Kg1 Rc2 36. Kf1 Bb6 37. Ne3 Bxe3 38. fxe3 Rc3 39. Rb7
Rxa3 40. Rxe7 Kf8 41. Re4 Ra2 42. Rh4 Kg7 43. Rd4 a5 44. Rd1 a4 45. h3 a3 46.
Rd3 Ra1+ 47. Kf2 a2 48. Ra3 g5 49. Kg3 f5 50. h4 gxh4+ 51. Kh2 Kf6 52. Ra7 Ke5
53. Ra4 f4 54. exf4+ Kf5 55. Ra5+ Kxf4 56. Ra4+ Ke3 57. Ra3+ Kd2 58. Ra8 Kc2 59.
Rc8+ Kb2 60. Rb8+ Ka3 61. Ra8+ Kb4 62. Rb8+ Ka5 63. Ra8+ Kb6 64. Ra3 Kb5 65. Ra8
1/2-1/2

[Event "AUTO-ADV-3038"]
[Site "http://www.queenalice.com/game.php?id=1243623"]
[Date "2013.12.29"]
[Round "1"]
[White "jcdu32"]
[Black "SAMOEL"]
[Result "1-0"]
[WhiteElo "1912"]
[BlackElo "1857"]

1. e4 e5 2. Nf3 d6 3. d4 exd4 4. Nxd4 c5 5. Bb5+ Bd7 6. Bxd7+ Nxd7 7. Nf3 Qa5+
8. Bd2 Qb5 9. Bc3 Ngf6 10. Nbd2 Be7 11. a4 Qc6 12. Qe2 O-O 13. O-O a6 14. Rfe1
b5 15. b3 b4 16. Bb2 a5 17. Rad1 Ng4 18. h3 Nge5 19. Nxe5 Nxe5 20. f4 Ng6 21. f5
Ne5 22. Bxe5 dxe5 23. Nc4 Bf6 24. Rd6 Qc7 25. Red1 Rad8 26. R6d3 Rxd3 27. Rxd3
Rd8 28. g3 g6 29. Qf3 Bg7 30. f6 Bh6 31. Rxd8+ Qxd8 32. h4 Qd4+ 33. Kh2 Bf8 34.
g4 h6 35. Kg3 Qg1+ 36. Qg2 Qe1+ 37. Qf2 Qxe4 38. Qd2 Qd4 39. Qxd4 exd4 40. h5
Kh7 41. Kf3 Kg8 42. Ke4 Kh7 43. Kd5 gxh5 44. gxh5 Bg7 45. fxg7 Kxg7 46. Kxc5 Kf6
47. Kxd4 Kg5 48. Nxa5 Kxh5 49. Nc4 Kg4 50. a5 h5 51. a6 h4 52. a7 h3 53. a8=Q f5
54. Ne3+ Kf4 55. Qb8+ Kf3 56. Qh2 f4 57. Qxh3+ Ke2 58. Qg2+ Ke1 59. Qf1+ Kd2 60.
Qd1# 1-0

[Event "AUTO-ADV-3038"]
[Site "http://www.queenalice.com/game.php?id=1243624"]
[Date "2013.12.29"]
[Round "1"]
[White "SAMOEL"]
[Black "jcdu32"]
[Result "0-1"]
[WhiteElo "1843"]
[BlackElo "1896"]

1. e4 d6 2. d4 Nf6 3. Bd3 g6 4. Nf3 Bg7 5. h3 O-O 6. O-O Nbd7 7. Nc3 e5 8. dxe5
dxe5 9. Bg5 c6 10. Nh2 b5 11. a3 Nc5 12. b4 Nxd3 13. cxd3 a5 14. bxa5 Rxa5 15.
f4 exf4 16. e5 Qd4+ 17. Kh1 Qxe5 18. Bxf6 Bxf6 19. Ne4 Bg7 20. Nf3 Qe7 21. Rc1
Rxa3 22. Rxc6 Bb7 23. Rc1 Bxe4 24. dxe4 Qxe4 25. Qe1 Qxe1 26. Rfxe1 Rb8 27. Rb1
Bc3 28. Rf1 b4 29. Ng5 f6 30. Ne6 g5 31. Rfd1 Kf7 32. Nc5 Re8 33. Nb7 Re3 34.
Nd6+ Kg6 35. Nc4 Ra2 36. g3 Rxg3 37. Nd6 Rxh3+ 38. Kg1 Rd2 39. Nc4 Rxd1+ 40.
Rxd1 Be5 41. Kg2 Rc3 42. Nb6 b3 43. Na4 Rc2+ 44. Kf3 b2 45. Rb1 Rc1 46. Rxb2
Bxb2 47. Nxb2 Rc3+ 48. Ke4 Rb3 49. Nd1 f5+ 50. Kd4 g4 51. Ke5 Kg5 52. Nf2 h5 53.
Kd4 h4 54. Nd3 Rxd3+ 55. Kxd3 h3 56. Ke2 h2 57. Kf2 h1=Q 58. Ke2 Qf3+ 59. Ke1
Qg2 60. Kd1 f3 61. Ke1 Qe2# 0-1

[Event "AUTO-ADV-3038"]
[Site "http://www.queenalice.com/game.php?id=1243625"]
[Date "2013.12.29"]
[Round "1"]
[White "jcdu32"]
[Black "qxr"]
[Result "1-0"]
[WhiteElo "1880"]
[BlackElo "1821"]

1. e4 c5 2. Nc3 Nc6 3. Nf3 g6 4. d4 cxd4 5. Nxd4 e6 6. Be3 Bb4 7. Bb5 Nge7 8.
O-O O-O 9. a3 Bxc3 10. bxc3 d6 11. Qf3 f5 12. exf5 exf5 13. Bc4+ Kh8 14. Ne6
Bxe6 15. Bxe6 Rf6 16. Bb3 Ne5 17. Qe2 Rf8 18. Bg5 Kg7 19. Qe3 Re8 20. Rad1 Nf7
21. Qd4+ Kf8 22. Bf6 Qd7 23. Bxf7 Kxf7 24. Bg5 Ng8 25. Qd5+ Re6 26. Rfe1 Re8 27.
Kf1 Kf8 28. g4 Rxe1+ 29. Rxe1 Rxe1+ 30. Kxe1 fxg4 31. Qd4 Qe6+ 32. Qe3 Qxe3+ 33.
Bxe3 a6 34. Ke2 Nf6 35. Kd3 Ke7 36. c4 h5 37. Bf4 d5 38. c5 Ne4 39. Be3 Ke6 40.
Kd4 Kf5 41. Kxd5 Nc3+ 42. Kd6 Nb5+ 43. Kd7 Ke5 44. c4 Nxa3 45. Kc7 Ke6 46. Kxb7
Kd7 47. c6+ 1-0

[Event "AUTO-ADV-3038"]
[Site "http://www.queenalice.com/game.php?id=1243626"]
[Date "2013.12.29"]
[Round "1"]
[White "qxr"]
[Black "jcdu32"]
[Result "0-1"]
[WhiteElo "1830"]
[BlackElo "1865"]

1. e4 d6 2. d4 g6 3. Nc3 Nf6 4. Nf3 Bg7 5. Be2 c6 6. O-O O-O 7. h3 Qc7 8. Be3 d5
9. e5 Nfd7 10. Bf4 e6 11. Qd2 a6 12. Nd1 c5 13. c3 c4 14. b3 b5 15. Bh6 Nc6 16.
Bxg7 Kxg7 17. Nh2 Ne7 18. Ng4 Ng8 19. g3 f5 20. Nh2 Nh6 21. g4 fxg4 22. hxg4 Rf7
23. f4 Nf8 24. g5 Ng8 25. Qe3 Qe7 26. Qg3 Bd7 27. Ne3 h5 28. Kg2 Nh7 29. Rh1
Raf8 30. Qh3 Rxf4 31. Raf1 Nxg5 32. Qg3 Ne4 33. Qh3 Qg5+ 34. Nhg4 Nh6 35. Kh2
Nxg4+ 36. Nxg4 hxg4 37. Qg2 Rf2 38. Rxf2 Rxf2 0-1

[Event "AUTO-ADV-3038"]
[Site "http://www.queenalice.com/game.php?id=1243627"]
[Date "2013.12.29"]
[Round "1"]
[White "jcdu32"]
[Black "favazza2007"]
[Result "1-0"]
[WhiteElo "1866"]
[BlackElo "1877"]

1. e4 d5 2. Nc3 d4 3. Nce2 e5 4. Ng3 Nf6 5. Nf3 Nc6 6. Bb5 Qd6 7. O-O a6 8.
Bxc6+ bxc6 9. d3 Be7 10. Nf5 Bxf5 11. exf5 O-O 12. Bg5 Nd5 13. Bxe7 Qxe7 14. Re1
f6 15. Nd2 Qf7 16. Ne4 Ne7 17. Ng3 g6 18. Qg4 Qg7 19. Qf3 Nxf5 20. Nxf5 gxf5 21.
Qxf5 Qg6 22. Qe6+ Kh8 23. Qxc6 Rg8 24. g3 h5 25. Qe4 Qxe4 26. Rxe4 Rg4 27. Rae1
Rag8 28. Kg2 Kh7 29. h3 R4g6 30. Rh4 Kh6 31. g4 Rg5 32. Kh2 Kg6 33. Rg1 hxg4 34.
Rhxg4 Rxg4 35. Rxg4+ Kf7 36. Rxg8 Kxg8 37. Kg3 Kg7 38. f4 Kg6 39. fxe5 fxe5 40.
Kg4 c5 41. b3 a5 42. a4 Kf6 43. h4 Kg6 44. h5+ Kf6 45. h6 Kg6 46. h7 Kxh7 47.
Kf5 Kg7 48. Kxe5 Kf7 49. Kd5 Ke7 50. Kxc5 Kd7 51. Kxd4 Kc6 52. c4 Kd6 53. Kc3
Kc5 54. d4+ Kc6 55. Kd3 Kd6 56. Ke4 Ke6 57. c5 Kd7 58. Ke5 Ke7 59. d5 Kd7 60.
c6+ Ke7 61. d6+ Kd8 62. Ke6 Kc8 63. Ke7 Kb8 64. Kd7 Ka8 65. Kc7 Ka7 66. d7 Ka6
67. d8=Q Ka7 68. Qb8+ Ka6 69. Qa8# 1-0

[Event "AUTO-ADV-3038"]
[Site "http://www.queenalice.com/game.php?id=1243628"]
[Date "2013.12.29"]
[Round "1"]
[White "favazza2007"]
[Black "jcdu32"]
[Result "1-0"]
[WhiteElo "1861"]
[BlackElo "1882"]

1. d4 Nf6 2. c4 g6 3. Nf3 d6 4. Nc3 c6 5. e4 Bg7 6. Be3 O-O 7. Be2 Nbd7 8. O-O
Ng4 9. Rb1 Nxe3 10. fxe3 e5 11. b4 a5 12. a3 f5 13. exf5 Rxf5 14. e4 Rf8 15. d5
c5 16. bxc5 Nxc5 17. Nd2 Bd7 18. Nb5 Rxf1+ 19. Qxf1 Bf8 20. Qf3 Be7 21. Bd1 Qf8
22. Nc7 Qxf3 23. gxf3 Rc8 24. Nb5 Bxb5 25. cxb5 b6 26. Be2 g5 27. Bf1 Bd8 28.
Bh3 Rb8 29. Nf1 Bc7 30. Ng3 Rf8 31. Nf5 Kf7 32. Rc1 Kg6 33. Ne7+ Kf6 34. Nc6 Rf7
35. Rc3 h5 36. Bf5 Rg7 37. Kf2 Kf7 38. h3 h4 39. Bg4 Kf6 40. Ke3 Rh7 41. Bf5 Rg7
42. Na7 Rg8 43. Rc2 Kf7 44. Be6+ Kf8 45. Bxg8 Kxg8 46. Rg2 Bd8 47. Nc8 Nb7 48.
Rc2 Kf7 49. Rc6 Ke8 50. Nxd6+ Nxd6 51. Rxd6 Ke7 52. Re6+ Kf7 53. Rxe5 Be7 54. a4
Bd8 55. Re6 Be7 56. Kd4 Bf6+ 57. e5 Be7 58. Rxb6 1-0

[Event "Challenge"]
[Site "http://www.queenalice.com/game.php?id=1253075"]
[Date "2014.2.1"]
[Round "-"]
[White "Zugswang"]
[Black "jcdu32"]
[Result "1-0"]
[WhiteElo "2170"]
[BlackElo "1902"]

1. e4 d6 2. d4 g6 3. Be3 Bg7 4. f3 Nf6 5. Qd2 O-O 6. Bh6 Ne8 7. g4 Nd7 8. h4 e5
9. c3 c5 10. d5 a6 11. a4 Kh8 12. h5 Ndf6 13. hxg6 fxg6 14. Ne2 Ng8 15. Bxg7+
Nxg7 16. Na3 b5 17. Bg2 Rf7 18. O-O-O Ne8 19. Rh2 Qa5 20. Qg5 Raa7 21. Qxg6 Qd8
22. Rdh1 Rg7 23. Qh5 h6 24. axb5 Nef6 25. Qh4 axb5 26. Nxb5 Ra1+ 27. Kc2 Rxh1
28. Rxh1 Qb6 29. c4 Ba6 30. Nec3 Bxb5 31. Nxb5 Qd8 32. g5 Nh7 33. Bh3 Nxg5 34.
Bf5 Qe7 35. f4 Nxe4 36. Qxe7 Rxe7 37. Bxe4 1-0

[Event "bonne année 2014 !"]
[Site "http://www.queenalice.com/game.php?id=1253130"]
[Date "2014.2.1"]
[Round "-"]
[White "jcdu32"]
[Black "micbodu75"]
[Result "1/2-1/2"]
[WhiteElo "1919"]
[BlackElo "1832"]

1. d4 d5 2. Nc3 Nc6 3. e3 e6 4. Nf3 Nf6 5. Bd3 Bd6 6. Nb5 Be7 7. O-O a6 8. Nc3
O-O 9. Ne5 Bd6 10. f4 Nb4 11. Be2 c5 12. a3 Nc6 13. Kh1 cxd4 14. exd4 Ne4 15.
Nxc6 bxc6 16. Nxe4 dxe4 17. c4 f5 18. c5 Bc7 19. b3 a5 20. a4 Rf6 21. h4 Rh6 22.
g3 Ba6 23. Bxa6 Rxa6 24. Qe2 Ra8 25. Qf2 Rb8 26. Rb1 Rb4 27. Be3 Qd5 28. Qb2 Rf6
29. Rf2 Rf8 30. Qc3 Bd8 31. Kg2 h5 32. Rd2 Kh7 33. Kh3 g6 34. Qb2 Be7 35. Qc3
Rfb8 36. Rdb2 R8b7 37. Kg2 Qd8 38. Bf2 Rd7 39. Rd1 Bf6 40. Rbd2 Kh6 41. Be3 Kh7
42. Kh3 1/2-1/2

[Event "Challenge"]
[Site "http://www.queenalice.com/game.php?id=1263654"]
[Date "2014.3.9"]
[Round "-"]
[White "Edmorf"]
[Black "jcdu32"]
[Result "1-0"]
[WhiteElo "1588"]
[BlackElo "1926"]

1. e4 d6 2. Nc3 g6 3. Nf3 Bg7 4. d4 Bg4 5. Be2 Nf6 6. O-O O-O 7. d5 e6 8. e5 Ne8
9. Bg5 f6 10. exf6 Bxf6 11. Bh6 Rf7 12. dxe6 Bxe6 13. Ne4 Bxb2 14. Rb1 Ba3 15.
Nfg5 Re7 16. Qd4 Nc6 17. Nf6+ Nxf6 18. Qxf6 Qd7 19. Rfe1 d5 20. Bd3 Rae8 21.
Nxh7 Rxh7 22. Qxg6+ Kh8 23. Qf6+ Kg8 24. Bxh7+ Kxh7 25. Rb3 Bc5 26. Rg3 Bd4 27.
Qg6+ Kh8 28. Be3 Be5 29. Qh5+ Qh7 30. Qxe8+ Bg8 31. Rh3 1-0

[Event "Challenge"]
[Site "http://www.queenalice.com/game.php?id=1264601"]
[Date "2014.3.13"]
[Round "-"]
[White "Zugswang"]
[Black "jcdu32"]
[Result "1-0"]
[WhiteElo "2206"]
[BlackElo "1916"]

1. e4 d6 2. d4 Nf6 3. Nc3 g6 4. f3 Bg7 5. Be3 O-O 6. Qd2 c6 7. Bh6 Qb6 8. Bxg7
Kxg7 9. O-O-O c5 10. d5 a6 11. g4 e5 12. h4 h5 13. gxh5 Nxh5 14. Nge2 f5 15. Bh3
Qd8 16. Rdg1 Qf6 17. Rg5 f4 18. Bxc8 Rxc8 19. Rhg1 Nd7 20. Rxh5 Rh8 21. Rhg5
Rxh4 22. Rxg6+ Qxg6 23. Rxg6+ Kxg6 24. b3 Rg8 25. Qe1 Kh5 26. a3 Rg2 27. Ng1 Rh1
28. Nce2 Kg6 29. Kb2 Nf6 30. Qa5 Rhxg1 31. Nxg1 Rxg1 32. Qb6 Rg3 33. Qxd6 Rxf3
34. Qxe5 Nxd5 35. Qf5+ Kh6 36. exd5 1-0

[Event "OS INCLIVEIS"]
[Site "http://www.queenalice.com/game.php?id=1264604"]
[Date "2014.3.13"]
[Round "-"]
[White "adelio"]
[Black "jcdu32"]
[Result "1-0"]
[WhiteElo "1783"]
[BlackElo "1902"]

1. b4 e5 2. b5 c5 3. bxc6 bxc6 4. Bb2 d6 5. e4 Nf6 6. d3 Be7 7. Be2 Nbd7 8. h4
O-O 9. h5 h6 10. Nf3 Nb6 11. Nxe5 dxe5 12. Bxe5 Nbd7 13. Bc3 a5 14. e5 Nd5 15.
Bd2 Nxe5 16. Nc3 Nxc3 17. Bxc3 Bf6 18. Qd2 Nd7 19. O-O-O Bxc3 20. Qxc3 Qg5+ 21.
Kb1 Rb8+ 22. Ka1 Qf6 23. Qxf6 Nxf6 24. f3 Nd5 25. Rc1 Re8 26. Rhe1 Be6 27. c4
Nf4 28. Bf1 Nxh5 29. g4 Nf6 30. d4 a4 31. Bd3 Bd7 32. Rg1 1-0

[Event "Challenge"]
[Site "http://www.queenalice.com/game.php?id=1268479"]
[Date "2014.3.27"]
[Round "-"]
[White "Zugswang"]
[Black "jcdu32"]
[Result "1-0"]
[WhiteElo "2104"]
[BlackElo "1910"]

1. e4 d6 2. d4 Nc6 3. Be3 Nf6 4. f3 e5 5. d5 Nb8 6. c4 c5 7. Nc3 Bd7 8. g4 h6 9.
h4 Be7 10. Be2 Na6 11. Qd2 Qb6 12. Rb1 Bd8 13. Nh3 Ng8 14. g5 f5 15. exf5 Bxf5
16. Bd3 g6 17. Bxf5 gxf5 18. f4 e4 19. a3 Qc7 20. Nb5 Qd7 21. Ke2 h5 22. b4 Bb6
23. Qc3 Rh7 24. bxc5 Bxc5 25. Bxc5 Nxc5 26. Nf2 a6 27. Nd4 Ne7 28. Rb4 Ng6 29.
Ke3 Re7 30. Qc2 1-0